Das Basler Rathaus /
Salvato in:
| Autori principali: | , , |
|---|---|
| Altri autori: | |
| Natura: | Libro |
| Lingua: | tedesco francese inglese |
| Pubblicazione: |
Basel :
Staatskanzlei Basel-Stadt,
1983
|
| Edizione: | 1. vydanie |
| Soggetti: | |
| Tags: |
Nessun Tag, puoi essere il primo ad aggiungerne!!
|
MARC
| LEADER | 00000nam a22000003a 4500 | ||
|---|---|---|---|
| 001 | 0075826 | ||
| 003 | SK-STU | ||
| 005 | 20190918140616.5 | ||
| 007 | ta | ||
| 008 | 190918s ----xo-----e------000-0-----d | ||
| 020 | |a 3 7245 0521 3 | ||
| 040 | |a STU |b slo | ||
| 041 | 0 | |a ger |a fre |a eng | |
| 044 | |a sz | ||
| 100 | 1 | |a Huber, Dorothee |4 edt | |
| 245 | 1 | 0 | |a Das Basler Rathaus / |c ed. Dorothee Huber, Ulrich Barth, Enrico Ferraino, Carl Fingerhuth |
| 250 | |a 1. vydanie | ||
| 260 | |a Basel : |b Staatskanzlei Basel-Stadt, |c 1983 | ||
| 300 | |a 129 s. | ||
| 650 | 0 | 7 | |a architektonické pamiatky |
| 650 | 0 | 7 | |a švajčiarska architektúra |
| 650 | 0 | 7 | |a radnica |
| 650 | 0 | 7 | |a dejiny architektúry |
| 700 | 1 | |a Barth, Ulrich |4 aut | |
| 700 | 1 | |a Ferraino, Enrico |4 aut | |
| 700 | 1 | |a Fingerhuth, Carl |4 aut | |
| 996 | |b 284AU08105 |c A* 11370/U |l AAKNAR |s A |a 24 |w 0075826_0001 | ||